Dove Cameron Movies! - Statistics

General Stats
  • This quiz has been taken 24 times
  • The average score is 5 of 15
Answer Stats
Hint Answer % Correct
2015 Descendants
95%
2017 Descendants 2
85%
2019 Descendants 3
85%
2014 Cloud 9
50%
2015 Barely Lethal
30%
2018 Dumplin'
30%
2022 Vengeance
30%
2022 Good Mourning
25%
2016 Hairspray Live!
25%
2022 Issac
20%
2019 The Angry Birds Movie 2
15%
TBD Field Notes on Love
10%
2015 R.L. Stine's Monsterville: Cabinet of Souls
10%
2012 Bits and Pieces
5%
2020 After We Collided
0%
No matching quizzes found
Score Distribution
Percent of People with Each Score
Percentile by Number Answered
Your Score History
You have not taken this quiz